000 00453nam a2200133 4500
999 _c512919
_d512919
008 191227b ||||| |||| 00| 0 eng d
100 _aEren, Ozkan
_915007
245 _aTeacher incentives and student achievement: Evidence from an advancement program
260 _bJournal of Policy Analysis and Management
300 _a38(4), Fall, 2019: p.867-890.
773 _aJournal of Policy Analysis and Management
906 _aTeacher
942 _2ddc
_cAR